[Event "BL 9091 Heidelberg-Koblenz"]
[Site "?"]
[Date "1991.??.??"]
[Round "?.4"]
[White "Pirrot, D."]
[Black "Seul, G."]
[Result "0-1"]
[WhiteElo "2325"]
[BlackElo "2340"]
[PlyCount "64"]
[EventDate "1991.??.??"]

1. e4 g6 2. d4 Bg7 3. Nc3 d6 4. Nf3 Nf6 5. h3 O-O 6. Be3 a6 7. a4 b6 8. Bc4 e6
9. O-O Bb7 10. d5 e5 11. Qd2 Nbd7 12. Rae1 Nc5 13. Bxc5 bxc5 14. Qd3 Bc8 15.
Kh2 Nh5 16. g3 Kh8 17. Ng1 f5 18. Qd1 Qg5 19. Be2 Rb8 20. Bxh5 gxh5 21. b3 h4
22. Nf3 hxg3+ 23. fxg3 Qh6 24. Qd2 f4 25. Qg2 Rg8 26. g4 Bf6 27. Kg1 Bh4 28.
Re2 Bg3 29. Nh2 Bxh2+ 30. Qxh2 Bxg4 31. hxg4 Rxg4+ 32. Rg2 Rh4 0-1

[Event "BL 9091 Heidelberg-Koblenz"]
[Site "?"]
[Date "1991.??.??"]
[Round "?.5"]
[White "Wolf, V."]
[Black "Weber, M."]
[Result "1/2-1/2"]
[WhiteElo "2310"]
[BlackElo "2330"]
[PlyCount "89"]
[EventDate "1991.??.??"]

1. e4 c5 2. g3 Nc6 3. Bg2 g6 4. d3 Bg7 5. f4 e6 6. e5 d6 7. exd6 Qxd6 8. Nc3
Nge7 9. Nf3 O-O 10. O-O b6 11. Bd2 Bb7 12. Ne4 Qc7 13. Bc3 Nd4 14. Nxd4 cxd4
15. Bb4 Rfd8 16. Bxe7 Qxe7 17. Nd2 Rac8 18. Bxb7 Qxb7 19. a4 Rc7 20. Rf2 a6 21.
b3 Qd5 22. Ra2 Rdc8 23. Nc4 Qc6 24. Qe1 Qc5 25. Qe4 Bf6 26. Kg2 b5 27. axb5
axb5 28. Ne5 Kg7 29. Ng4 h5 30. Nxf6 Kxf6 31. Re2 Qd6 32. Qf3 Rc5 33. Qf2 Kg7
34. Kf1 Rd5 35. Re4 Qc5 36. Qe1 Qc6 37. Re5 Qd6 38. Qe4 Rxe5 39. fxe5 Qd8 40.
Qf4 Rc7 41. h4 Rd7 42. Qf3 Qe7 43. Ra8 Rd5 44. Qf4 Rc5 45. Ra2 1/2-1/2

[Event "BL 9091 Heidelberg-Koblenz"]
[Site "?"]
[Date "1991.??.??"]
[Round "?.6"]
[White "Grathwohl, R."]
[Black "Schlick, V."]
[Result "0-1"]
[WhiteElo "2320"]
[BlackElo "2305"]
[PlyCount "58"]
[EventDate "1991.??.??"]

1. Nf3 c5 2. b3 d6 3. e3 Nc6 4. Bb5 e5 5. Bxc6+ bxc6 6. d3 Ne7 7. Nbd2 Ng6 8.
O-O Be7 9. Bb2 O-O 10. Nc4 Bg4 11. h3 Be6 12. Nfd2 f6 13. f4 Qd7 14. Qh5 Bf7
15. f5 Nh8 16. Qg4 d5 17. Nxe5 fxe5 18. Bxe5 g6 19. e4 Be8 20. Nf3 Bf6 21. Bxf6
Rxf6 22. Qh4 Qg7 23. Ng5 gxf5 24. exf5 Bd7 25. Rae1 Raf8 26. g4 Rh6 27. f6 Qg6
28. Qg3 Qxg5 29. Re7 Rhxf6 0-1

[Event "BL 9091 Heidelberg-Koblenz"]
[Site "?"]
[Date "1991.??.??"]
[Round "?.7"]
[White "Fecht, H."]
[Black "Neunhoeffer, H."]
[Result "1/2-1/2"]
[WhiteElo "2250"]
[BlackElo "2285"]
[PlyCount "112"]
[EventDate "1991.??.??"]

1. d4 Nf6 2. c4 e6 3. Nc3 Bb4 4. Qc2 d5 5. Nf3 O-O 6. Bg5 c5 7. e3 cxd4 8. exd4
h6 9. Be3 Nc6 10. Be2 b6 11. O-O Bb7 12. Rac1 Rc8 13. Qa4 dxc4 14. Bxc4 Bxc3
15. Rxc3 Na5 16. Be2 Rxc3 17. bxc3 Qc7 18. Ne5 Ne4 19. c4 Nc3 20. Qc2 Nxe2+ 21.
Qxe2 f6 22. Ng6 Rc8 23. c5 bxc5 24. dxc5 Kh7 25. Qc2 f5 26. Nf4 Qe5 27. Qa4 Nc6
28. Qc4 g5 29. Nxe6 Na5 30. Nxg5+ hxg5 31. Qf7+ Qg7 32. Qxf5+ Kg8 33. Rd1 Rf8
34. Qxg5 Qxg5 35. Bxg5 Kf7 36. h4 Ke6 37. Rd6+ Ke5 38. Rd7 Bd5 39. Rxa7 Nc6 40.
Ra4 Nd4 41. f3 Bc6 42. Ra7 Rb8 43. Re7+ Kd5 44. Re1 Ne6 45. Be7 Rb7 46. Bd6 Nd4
47. Kh2 Rb2 48. Re5+ Kc4 49. Kg3 Rxa2 50. h5 Ne2+ 51. Kh4 Nd4 52. Kg3 Ne2+ 53.
Kh4 Nd4 54. Kg3 Ne2+ 55. Kh3 Ng1+ 56. Kg3 Ne2+ 1/2-1/2

[Event "BL 9091 Heidelberg-Koblenz"]
[Site "?"]
[Date "1991.??.??"]
[Round "?.8"]
[White "Zuse, P."]
[Black "Fritsche, L."]
[Result "1-0"]
[WhiteElo "2230"]
[BlackElo "2300"]
[PlyCount "95"]
[EventDate "1991.??.??"]

1. e4 e5 2. Nf3 d6 3. Bc4 Be7 4. d4 Nc6 5. O-O Bg4 6. c3 Nf6 7. Qb3 O-O 8. Qxb7
Bd7 9. d5 Na5 10. Qa6 c6 11. b4 Nxc4 12. Qxc4 cxd5 13. exd5 Rc8 14. Qb3 Bb5 15.
Re1 Bc4 16. Qa4 Nxd5 17. Be3 Bf6 18. Nfd2 Bg5 19. Nxc4 Rxc4 20. Qb3 Nxe3 21.
Rxe3 Bxe3 22. Qxc4 d5 23. Qe2 Bb6 24. Nd2 Re8 25. c4 Bd4 26. Rd1 g6 27. c5 e4
28. Nb3 Bc3 29. b5 d4 30. Qc4 e3 31. fxe3 Rxe3 32. c6 Re8 33. Nc5 Qe7 34. h3
Bd2 35. Nd7 Be3+ 36. Kh1 Kg7 37. a4 Qd6 38. a5 Qg3 39. b6 Bf4 40. Qxd4+ Re5 41.
Qxe5+ Bxe5 42. Nxe5 Qxe5 43. c7 Qc3 44. bxa7 Qc2 45. Rg1 Qc6 46. a8=Q Qxa8 47.
Rc1 Qc8 48. a6 1-0

[Event "BL 9091 Porz-Heidelberg"]
[Site "?"]
[Date "1991.??.??"]
[Round "?.1"]
[White "Steinbacher, M."]
[Black "Christiansen, L."]
[Result "0-1"]
[WhiteElo "2370"]
[BlackElo "2590"]
[PlyCount "62"]
[EventDate "1991.??.??"]

1. e4 g6 2. d4 Bg7 3. c3 d6 4. Bg5 h6 5. Be3 Nf6 6. f3 Nbd7 7. Nh3 e5 8. d5 Nb6
9. Nf2 Nh5 10. a4 f5 11. a5 Nd7 12. a6 O-O 13. axb7 Bxb7 14. Ba6 Qc8 15. Bxb7
Qxb7 16. Ra2 Nb6 17. b3 fxe4 18. fxe4 c6 19. c4 cxd5 20. cxd5 Rf7 21. O-O Raf8
22. Nd2 Kh7 23. Nc4 Nc8 24. Qc2 Qd7 25. Ra6 Nf4 26. Re1 h5 27. Nd2 Bh6 28. Rc6
Nxg2 29. Kxg2 Bxe3 30. Rxe3 Rxf2+ 31. Kh1 Qg4 0-1

[Event "BL 9091 Porz-Heidelberg"]
[Site "?"]
[Date "1991.??.??"]
[Round "?.2"]
[White "Tal, M."]
[Black "Neurohr, S."]
[Result "0-1"]
[WhiteElo "2565"]
[BlackElo "2335"]
[PlyCount "96"]
[EventDate "1991.??.??"]

1. Nf3 Nf6 2. c4 g6 3. g3 Bg7 4. Bg2 O-O 5. O-O d6 6. Nc3 Nc6 7. Rb1 e5 8. b4
e4 9. Ne1 Re8 10. d3 Bf5 11. b5 Nd4 12. e3 Bg4 13. f3 exf3 14. Nxf3 Nxf3+ 15.
Bxf3 Bh3 16. Bxb7 Bxf1 17. Qxf1 Rb8 18. Bc6 Re5 19. e4 Qc8 20. Be3 Ng4 21. Bxa7
Nxh2 22. Qe2 Rh5 23. Nd5 Qh3 24. Qg2 Qg4 25. Kf2 Rb6 26. Ke3 Rh3 27. Rg1 Rxg3+
28. Qxg3 Nf1+ 29. Rxf1 Qxg3+ 30. Ke2 Bd4 31. e5 Qxe5+ 32. Kd1 Qh5+ 33. Kd2 Qh2+
34. Kd1 Qxa2 35. Bxb6 Qb1+ 36. Ke2 Qc2+ 37. Ke1 cxb6 38. Rf3 Qc1+ 39. Ke2 Qc2+
40. Ke1 Kg7 41. Nxb6 Bc3+ 42. Kf1 Qd1+ 43. Kg2 Qe2+ 44. Rf2 Qg4+ 45. Kf1 Qd1+
46. Kg2 Bd4 47. Rf3 Qg1+ 48. Kh3 Be5 0-1

[Event "BL 9091 Porz-Heidelberg"]
[Site "?"]
[Date "1991.??.??"]
[Round "?.3"]
[White "Ostl, A."]
[Black "Lutz, C."]
[Result "0-1"]
[WhiteElo "2325"]
[BlackElo "2500"]
[PlyCount "38"]
[EventDate "1991.??.??"]

1. d4 Nf6 2. Nf3 g6 3. c4 Bg7 4. Nc3 d5 5. e3 O-O 6. cxd5 Nxd5 7. Bc4 Nxc3 8.
bxc3 c5 9. O-O Qc7 10. Qe2 b6 11. Ba3 Bb7 12. Rac1 Nc6 13. Rfd1 Na5 14. Bd3
Rfd8 15. e4 e6 16. dxc5 bxc5 17. Nd2 Bc6 18. f3 Bh6 19. Bc2 Bxd2 0-1

[Event "BL 9091 Porz-Heidelberg"]
[Site "?"]
[Date "1991.??.??"]
[Round "?.4"]
[White "Schmittdiel, E."]
[Black "Mack, P."]
[Result "1-0"]
[WhiteElo "2485"]
[BlackElo "2300"]
[PlyCount "71"]
[EventDate "1991.??.??"]

1. Nf3 f5 2. d4 Nf6 3. c4 g6 4. Bf4 Bg7 5. e3 O-O 6. Nc3 d6 7. c5 d5 8. h4 c6
9. Be2 Qe8 10. Ne5 h6 11. g4 fxg4 12. Nxg4 Nxg4 13. Bxg4 Bf5 14. Bxf5 Rxf5 15.
Qb3 Nd7 16. O-O-O e5 17. Bg3 exd4 18. exd4 b6 19. Rhe1 Qf7 20. Qa4 bxc5 21.
Qxc6 Re8 22. Rxe8+ Qxe8 23. dxc5 d4 24. Ne4 Qe7 25. Kb1 Nxc5 26. Nxc5 Rxc5 27.
Qxg6 Qe2 28. Qd3 Qe6 29. a3 Kh8 30. Rd2 Qe1+ 31. Ka2 Qe6+ 32. Qb3 Qc6 33. Re2
Rb5 34. Qf7 d3 35. Re8+ Kh7 36. Qg8+ 1-0

[Event "BL 9091 Porz-Heidelberg"]
[Site "?"]
[Date "1991.??.??"]
[Round "?.5"]
[White "Pirrot, D."]
[Black "Knaak, R."]
[Result "0-1"]
[WhiteElo "2325"]
[BlackElo "2515"]
[PlyCount "104"]
[EventDate "1991.??.??"]

1. e4 e6 2. d4 d5 3. e5 c5 4. c3 Nc6 5. Nf3 Bd7 6. Bd3 cxd4 7. cxd4 Qb6 8. Nc3
Nxd4 9. Nxd4 Qxd4 10. O-O a6 11. Qe2 Ne7 12. Kh1 Nc6 13. f4 Nb4 14. Rd1 Nxd3
15. Rxd3 Qb6 16. Be3 Bc5 17. Bxc5 Qxc5 18. f5 Bc6 19. Qg4 O-O-O 20. fxe6 fxe6
21. Rc1 Kb8 22. Ne2 Qf2 23. Nd4 Bd7 24. Rcd1 Rhf8 25. h3 Rf7 26. Rf3 Rxf3 27.
Nxf3 g6 28. Qb4 Bb5 29. Nd4 Qf8 30. Qa5 Rc8 31. a4 Bd7 32. b4 Qd8 33. Qxd8 Rxd8
34. b5 axb5 35. axb5 Ka7 36. Rf1 Kb6 37. Rf7 Kc5 38. Nf3 h6 39. Rf6 Rg8 40. Rf7
Bc8 41. Kg1 Rd8 42. Kf2 d4 43. Rf6 Bd7 44. Rxg6 Ra8 45. Rxh6 Ra2+ 46. Ke1 Rxg2
47. Rh7 Bxb5 48. h4 d3 49. Rxb7 Re2+ 50. Kf1 Re3 51. Nd4 Kxd4 52. Rxb5 d2 0-1

[Event "BL 9091 Porz-Heidelberg"]
[Site "?"]
[Date "1991.??.??"]
[Round "?.6"]
[White "Vogt, L."]
[Black "Weber, M."]
[Result "1/2-1/2"]
[WhiteElo "2510"]
[BlackElo "2330"]
[PlyCount "62"]
[EventDate "1991.??.??"]

1. e4 c5 2. Nf3 d6 3. d4 cxd4 4. Nxd4 Nf6 5. Nc3 a6 6. a4 e6 7. Be2 Be7 8. O-O
O-O 9. f4 Qc7 10. Kh1 Nc6 11. Be3 Rb8 12. Qe1 Bd7 13. Qg3 Kh8 14. e5 Ne8 15.
Nxc6 bxc6 16. b3 d5 17. Bd2 Bc8 18. Bd3 g6 19. a5 Ng7 20. Na4 c5 21. Nb6 Bb7
22. Qg4 Nf5 23. Rg1 Rbd8 24. Qe2 Nd4 25. Qf1 Qc6 26. Be3 Nb5 27. Bf2 Rde8 28.
Qe1 Kg8 29. Bh4 Nd4 30. Bxe7 Rxe7 31. Qh4 f6 1/2-1/2

[Event "BL 9091 Porz-Heidelberg"]
[Site "?"]
[Date "1991.??.??"]
[Round "?.7"]
[White "Neunhoeffer, H."]
[Black "Uhlmann, W."]
[Result "0-1"]
[WhiteElo "2285"]
[BlackElo "2510"]
[PlyCount "92"]
[EventDate "1991.??.??"]

1. d4 Nf6 2. Nf3 g6 3. Bg5 Bg7 4. Nbd2 d6 5. e3 c5 6. c3 b6 7. Bd3 Nbd7 8. a4
a6 9. h3 h6 10. Bf4 O-O 11. O-O Bb7 12. Bh2 Re8 13. Qb1 Rc8 14. Rc1 Rc7 15. Qa2
Qa8 16. Bc4 Rf8 17. Nh4 Bd5 18. Re1 Rcc8 19. e4 Bxc4 20. Nxc4 d5 21. Ne3 e6 22.
e5 Ne4 23. Rad1 cxd4 24. cxd4 b5 25. f3 Ng5 26. a5 Kh7 27. Qb1 Rc6 28. g4 Qd8
29. Kg2 f5 30. exf6 Qxf6 31. Be5 Nxe5 32. dxe5 Qf7 33. Rf1 Qe8 34. f4 Ne4 35.
f5 gxf5 36. gxf5 Qh5 37. Nf3 Rxf5 38. Nxf5 Qxf5 39. Qd3 Qg6+ 40. Kh2 Qg3+ 41.
Kh1 Qxh3+ 42. Kg1 Qg4+ 43. Kh2 Rc7 44. Rg1 Qh5+ 45. Kg2 Rf7 46. Rdf1 Bxe5 0-1

[Event "BL 9091 Porz-Heidelberg"]
[Site "?"]
[Date "1991.??.??"]
[Round "?.8"]
[White "Schoen, W."]
[Black "Zuse, P."]
[Result "1-0"]
[WhiteElo "2390"]
[BlackElo "2230"]
[PlyCount "49"]
[EventDate "1991.??.??"]

1. d4 Nf6 2. c4 g6 3. Nc3 Bg7 4. e4 d6 5. f4 O-O 6. Nf3 c5 7. d5 b5 8. cxb5 a6
9. a4 e6 10. Be2 axb5 11. Bxb5 exd5 12. exd5 Na6 13. O-O Nb4 14. h3 Bf5 15. g4
Bc2 16. Qe2 Bb3 17. Ra3 Bxd5 18. Nxd5 Nfxd5 19. f5 Qc7 20. fxg6 hxg6 21. Ng5 c4
22. Raf3 Nd3 23. Rxf7 Qc5+ 24. Kh1 Nc7 25. Rxg7+ 1-0

[Event "BL 9091 Koblenz-Frankfurt"]
[Site "?"]
[Date "1991.??.??"]
[Round "?.1"]
[White "Lobron, E."]
[Black "Dizdar, G."]
[Result "1/2-1/2"]
[WhiteElo "2545"]
[BlackElo "2535"]
[PlyCount "99"]
[EventDate "1991.??.??"]

1. d4 Nf6 2. c4 e6 3. Nf3 d5 4. Nc3 Bb4 5. e3 O-O 6. Bd3 c5 7. O-O Nc6 8. a3
Bxc3 9. bxc3 Qc7 10. cxd5 exd5 11. h3 c4 12. Bc2 Ne7 13. Nh2 Bf5 14. f3 Bg6 15.
Re1 Rfe8 16. Nf1 Nc8 17. a4 Nd6 18. Ba3 Re6 19. Qd2 Rae8 20. g4 Bxc2 21. Qxc2
h5 22. Kg2 g6 23. Qf2 hxg4 24. hxg4 Nh7 25. Qg3 Qd7 26. a5 Ng5 27. Qf4 Nde4 28.
fxe4 Rxe4 29. Qxg5 Rxg4+ 30. Qxg4 Qxg4+ 31. Ng3 Kg7 32. Bd6 Rh8 33. Rh1 Rxh1
34. Rxh1 Qe6 35. Bf4 f6 36. Rb1 Qa6 37. Kf2 g5 38. Bd6 Kg6 39. Bb4 Qe6 40. Rh1
Qg4 41. Rh8 Qd1 42. Rg8+ Kh7 43. Rf8 Kg6 44. Be7 Qc2+ 45. Kg1 Qxc3 46. Rxf6+
Kh7 47. Rf7+ Kg6 48. Rf6+ Kh7 49. Rf7+ Kg6 50. Rf6+ 1/2-1/2

[Event "BL 9091 Koblenz-Frankfurt"]
[Site "?"]
[Date "1991.??.??"]
[Round "?.2"]
[White "Brueckner, T."]
[Black "Gutman, L."]
[Result "1-0"]
[WhiteElo "2405"]
[BlackElo "2445"]
[PlyCount "88"]
[EventDate "1991.??.??"]

1. c4 Nf6 2. Nf3 g6 3. Nc3 Bg7 4. g3 d5 5. cxd5 Nxd5 6. Bg2 Nxc3 7. bxc3 O-O 8.
O-O Nd7 9. d4 c6 10. e4 Qa5 11. Qc2 Nb6 12. Bg5 Re8 13. h4 c5 14. d5 Bd7 15.
Rac1 Bb5 16. Rfe1 Bc4 17. Nd2 h6 18. Bf4 e6 19. Nxc4 Nxc4 20. e5 Rad8 21. d6
Rd7 22. Bf1 Nb6 23. c4 Rdd8 24. Qe4 Rb8 25. h5 g5 26. Bxg5 Nd7 27. Bd3 Nf8 28.
Bf4 Qd8 29. Qe3 f6 30. Bxh6 b6 31. Bxg7 Kxg7 32. Qf4 Rb7 33. h6+ Kh8 34. Be4
Rf7 35. Kg2 Qd7 36. Rh1 f5 37. Bf3 Ng6 38. Qe3 Rg8 39. Kf1 f4 40. gxf4 Nxf4 41.
h7 Rgg7 42. Be4 Rf8 43. Rh4 Qf7 44. Rd1 Rd8 1-0

[Event "BL 9091 Koblenz-Frankfurt"]
[Site "?"]
[Date "1991.??.??"]
[Round "?.3"]
[White "Tischbierek, R."]
[Black "Doncevic, D."]
[Result "1-0"]
[WhiteElo "2500"]
[BlackElo "2345"]
[PlyCount "65"]
[EventDate "1991.??.??"]

1. e4 d5 2. exd5 Qxd5 3. Nc3 Qa5 4. d4 Nf6 5. Nf3 c6 6. Bc4 Bf5 7. Bd2 e6 8.
Qe2 Bb4 9. Ne5 Nbd7 10. Nxd7 Nxd7 11. a3 Bxc3 12. Bxc3 Qc7 13. d5 cxd5 14. Bxd5
O-O 15. Bf3 Nf6 16. Be5 Qxc2 17. Qxc2 Bxc2 18. Bxb7 Rad8 19. O-O Bb3 20. Rac1
Nd5 21. Rc5 f6 22. Bg3 Rf7 23. Ba6 e5 24. Rfc1 Rfd7 25. f3 Nf4 26. Rc8 Rxc8 27.
Rxc8+ Kf7 28. Be1 Be6 29. Kf1 Nd3 30. Bc3 Nxb2 31. Bxb2 Rd1+ 32. Ke2 Bxc8 33.
Bc4+ 1-0

[Event "BL 9091 Koblenz-Frankfurt"]
[Site "?"]
[Date "1991.??.??"]
[Round "?.4"]
[White "Seul, G."]
[Black "Werner, D."]
[Result "1-0"]
[WhiteElo "2340"]
[BlackElo "2395"]
[PlyCount "71"]
[EventDate "1991.??.??"]

1. d4 d5 2. c4 dxc4 3. Nc3 a6 4. e4 b5 5. a4 b4 6. Na2 e6 7. Bxc4 Nf6 8. e5 Nd5
9. Nf3 Be7 10. Bd2 Nc6 11. a5 O-O 12. Nc1 Bd7 13. O-O Nb8 14. Nd3 Bb5 15. Qb3
c5 16. dxc5 Nc6 17. Bxb5 axb5 18. Nxb4 Ndxb4 19. Bxb4 Nxa5 20. Bxa5 Rxa5 21.
Rac1 Qc7 22. Qe3 b4 23. c6 Rd8 24. Rc4 h6 25. Rfc1 Rad5 26. g3 Rc8 27. h4 Qa5
28. Kg2 Rc7 29. Rg4 h5 30. Rgc4 Qa2 31. Qb6 Bd8 32. Qxb4 Qa7 33. Rd4 Be7 34.
Qd2 Rc5 35. Rd8+ Kh7 36. Ng5+ 1-0

[Event "BL 9091 Koblenz-Frankfurt"]
[Site "?"]
[Date "1991.??.??"]
[Round "?.5"]
[White "Kohlweyer, B."]
[Black "Schlick, V."]
[Result "1-0"]
[WhiteElo "2365"]
[BlackElo "2305"]
[PlyCount "65"]
[EventDate "1991.??.??"]

1. Nf3 c5 2. c4 g6 3. d4 cxd4 4. Nxd4 Bg7 5. e4 Nc6 6. Be3 Nf6 7. Nc3 O-O 8.
Be2 a5 9. O-O a4 10. Ndb5 d6 11. Rb1 Bd7 12. Kh1 h5 13. h3 Ra6 14. f4 Qc8 15.
Bg1 a3 16. b4 Ra8 17. Rb3 Rd8 18. Qd3 Qb8 19. Rfb1 e5 20. Bb6 exf4 21. Bxd8
Qxd8 22. Qxd6 g5 23. Rd1 Bf8 24. Qc7 Qe8 25. Nd5 Nxe4 26. Bf3 Ng3+ 27. Kh2 Bg7
28. Nb6 Ne5 29. Nxa8 g4 30. Bxb7 gxh3 31. gxh3 Qe7 32. Rxd7 Qh4 33. Qd8+ 1-0

[Event "BL 9091 Koblenz-Frankfurt"]
[Site "?"]
[Date "1991.??.??"]
[Round "?.6"]
[White "Bayer, E."]
[Black "Heyken, E."]
[Result "0-1"]
[WhiteElo "2330"]
[BlackElo "2415"]
[PlyCount "106"]
[EventDate "1991.??.??"]

1. d4 Nf6 2. Nf3 e6 3. c4 d5 4. Bg5 Bb4+ 5. Nc3 Nbd7 6. cxd5 exd5 7. Qa4 c5 8.
dxc5 Bxc3+ 9. bxc3 O-O 10. Qd4 Qa5 11. Nd2 Re8 12. Nb3 Qc7 13. Bxf6 Nxf6 14. e3
Bd7 15. Bd3 Rac8 16. h3 a5 17. a4 Ne4 18. Qxd5 Re5 19. Qd4 Nxc5 20. Nxc5 Rxc5
21. O-O Rxc3 22. Rfd1 Be6 23. Bb5 Bb3 24. Rd2 g6 25. Rb1 Be6 26. Rbd1 Qe7 27.
Qb6 Qg5 28. Rd8+ Kg7 29. Rxc8 Rxc8 30. Qxb7 Bxh3 31. Qd5 Qxd5 32. Rxd5 Be6 33.
Rd6 Re8 34. Rb6 Kf8 35. Rb7 Bc8 36. Rc7 Be6 37. Bc6 Rc8 38. Rxc8+ Bxc8 39. Kf1
Ke7 40. Ke2 Kd6 41. Be8 f6 42. Kd3 Kc5 43. Kc3 Bb7 44. f3 g5 45. e4 Ba6 46. Bh5
Bb7 47. Be8 g4 48. fxg4 Bxe4 49. g3 Bf3 50. Bd7 h6 51. Kd2 Kb4 52. Kd3 Bd1 53.
Kd4 Bxa4 0-1

[Event "BL 9091 Koblenz-Frankfurt"]
[Site "?"]
[Date "1991.??.??"]
[Round "?.7"]
[White "Degenhardt, H."]
[Black "Weidemann, J."]
[Result "0-1"]
[WhiteElo "2325"]
[BlackElo "2300"]
[PlyCount "76"]
[EventDate "1991.??.??"]

1. e4 c6 2. d3 e5 3. Nf3 Nf6 4. Nbd2 d6 5. g3 Be7 6. Bg2 O-O 7. O-O a5 8. a4
Nbd7 9. Nc4 Nc5 10. Be3 Nfd7 11. Nfd2 b5 12. axb5 cxb5 13. Na3 Rb8 14. Qe2 Nf6
15. Nf3 Qc7 16. h3 Ba6 17. Nd2 Na4 18. Rfb1 d5 19. c4 bxc4 20. dxc4 d4 21. Bg5
Rxb2 22. Rxb2 Nxb2 23. Bxf6 Bxf6 24. Bf1 Rc8 25. Nb3 Na4 26. Nb5 Bxb5 27. cxb5
Nc3 28. Qd3 a4 29. Nd2 Rb8 30. Nb1 Nxb5 31. Rxa4 Nd6 32. Nd2 Qc3 33. Ra3 Qxd3
34. Bxd3 g6 35. Nc4 Ne8 36. Ra5 Rb3 37. Nxe5 Nd6 38. Nd7 Be7 {ZÜ} 0-1

[Event "BL 9091 Koblenz-Frankfurt"]
[Site "?"]
[Date "1991.??.??"]
[Round "?.8"]
[White "Fritsche, L."]
[Black "Haakert, J."]
[Result "1/2-1/2"]
[WhiteElo "2300"]
[BlackElo "2320"]
[PlyCount "48"]
[EventDate "1991.??.??"]

1. e4 Nf6 2. Nc3 e5 3. Bc4 Bc5 4. d3 d6 5. Bg5 Be6 6. Qf3 Bb4 7. Nge2 Nbd7 8.
a3 Bxc3+ 9. Nxc3 h6 10. Be3 O-O 11. Bxe6 fxe6 12. Qh3 Qe7 13. O-O Rf7 14. f4
exf4 15. Rxf4 a6 16. Raf1 Raf8 17. d4 c6 18. R4f2 d5 19. Qh4 Nxe4 20. Qxe7 Rxe7
21. Nxe4 dxe4 22. Rxf8+ Nxf8 23. Rf4 Nd7 24. Rxe4 Nf6 1/2-1/2

[Event "BL 9091 Porz-Nürnberg"]
[Site "?"]
[Date "1991.??.??"]
[Round "?.3"]
[White "Huemmer, B."]
[Black "Lutz, C."]
[Result "1/2-1/2"]
[WhiteElo "2265"]
[BlackElo "2500"]
[PlyCount "84"]
[EventDate "1991.??.??"]

1. d4 Nf6 2. Nf3 g6 3. Bg5 Bg7 4. Nbd2 O-O 5. c3 d6 6. e4 Qe8 7. Bc4 e5 8. dxe5
dxe5 9. O-O Nbd7 10. Qc2 h6 11. Bh4 Nb6 12. Be2 Nh5 13. Rfe1 Nf4 14. Bf1 Bd7
15. Nc4 Ba4 16. b3 Nxc4 17. Bxc4 Bc6 18. a4 Qc8 19. Rad1 Qg4 20. Bg3 Rad8 21.
Bxf4 Qxf4 22. Bd5 Bxd5 23. exd5 Rfe8 24. c4 e4 25. Nd4 e3 26. Nf3 exf2+ 27.
Qxf2 Bc3 28. Re2 Rxe2 29. Qxe2 Kf8 30. Qd3 Bb4 31. Qd4 Qxd4+ 32. Nxd4 Bc5 33.
Kf1 Re8 34. Nc2 Re5 35. Rd2 a5 36. Re2 Rf5+ 37. Ke1 Rf4 38. h3 h5 39. Kd2 Rf5
40. Kd3 Rf1 41. Re1 Rf5 42. Re2 Rf1 1/2-1/2

[Event "BL 9091 Koblenz-Bamberg"]
[Site "?"]
[Date "1991.??.??"]
[Round "?.2"]
[White "Garcia Palermo, C."]
[Black "Meister, P."]
[Result "1-0"]
[WhiteElo "2455"]
[BlackElo "2405"]
[PlyCount "123"]
[EventDate "1991.??.??"]

1. d4 e6 2. c4 f5 3. Nc3 Nf6 4. Bg5 Bb4 5. Qb3 Bxc3+ 6. Qxc3 O-O 7. g3 h6 8.
Bxf6 Qxf6 9. Bg2 d6 10. e3 Nc6 11. Ne2 Bd7 12. b4 Nd8 13. O-O Bc6 14. d5 exd5
15. cxd5 Bb5 16. Rfe1 Bxe2 17. Qxf6 Rxf6 18. Rxe2 a5 19. Rc1 Rf7 20. b5 b6 21.
Rec2 Ra7 22. e4 fxe4 23. Bxe4 g5 24. a4 Kg7 25. Rc3 Re7 26. Bf3 Nf7 27. Bh5 Ne5
28. h3 Kf6 29. Kg2 Nd7 30. Rxc7 Rxc7 31. Rxc7 Nc5 32. Rc6 Nxa4 33. Rxd6+ Ke5
34. Rxh6 Kxd5 35. Rc6 Kd4 36. Bf3 Re5 37. h4 gxh4 38. gxh4 Nc3 39. Rxb6 Rxb5
40. Ra6 a4 41. h5 Rb8 42. h6 Kc5 43. Bc6 Rh8 44. Bxa4 Nxa4 45. Rxa4 Rxh6 46.
Ra5+ Kd4 47. Kg3 Rg6+ 48. Kf4 Rg8 49. f3 Rb8 50. Kg4 Rg8+ 51. Rg5 Rf8 52. f4
Ke4 53. Re5+ Kd4 54. Re6 Rg8+ 55. Kh5 Rh8+ 56. Kg5 Rg8+ 57. Rg6 Rc8 58. f5 Ke5
59. Rg7 Rf8 60. Re7+ Kd6 61. f6 Rg8+ 62. Kf5 1-0

[Event "BL 9091 Koblenz-Bamberg"]
[Site "?"]
[Date "1991.??.??"]
[Round "?.3"]
[White "Ramos, D."]
[Black "Brueckner, T."]
[Result "1/2-1/2"]
[WhiteElo "2330"]
[BlackElo "2405"]
[PlyCount "128"]
[EventDate "1991.??.??"]

1. d4 Nf6 2. Nf3 g6 3. Bg5 Bg7 4. Nbd2 d5 5. e3 O-O 6. Bd3 Nbd7 7. O-O Re8 8.
h3 e5 9. dxe5 Nxe5 10. Nxe5 Rxe5 11. Bf4 Re8 12. c3 c6 13. a4 Be6 14. a5 Qe7
15. Bg5 h6 16. Bh4 Qc7 17. Bg3 Qc8 18. Qa4 Nd7 19. Qa3 Be5 20. Bxe5 Nxe5 21.
Be2 Bf5 22. Qb4 Bd3 23. Bxd3 Nxd3 24. Qh4 Kh7 25. c4 Qd8 26. Qd4 dxc4 27. Qxc4
Ne5 28. Qc3 Qd3 29. Qxd3 Nxd3 30. Nc4 Rad8 31. Rad1 Nc5 32. Rfe1 Kg8 33. Kf1
Kf8 34. Ke2 Ke7 35. b4 Ne4 36. Rc1 Rd5 37. f3 Nf6 38. a6 b6 39. e4 Rb5 40. Rb1
c5 41. bxc5 Rxc5 42. Ne3 Rec8 43. Ra1 Rb5 44. Ra2 Rcc5 45. Rd1 Ra5 46. Rda1
Rxa2+ 47. Rxa2 Kd7 48. Kd3 Kc6 49. f4 b5 50. Kd4 Nd7 51. g4 Nb6 52. f5 b4 53.
Rc2 Rxc2 54. Nxc2 Kb5 55. e5 gxf5 56. gxf5 b3 57. Na3+ Kb4 58. Nb1 b2 59. e6
fxe6 60. fxe6 Nc8 61. Kd5 Kb5 62. Na3+ Ka4 63. Nb1 Kb5 64. Na3+ Ka4 1/2-1/2

[Event "BL 9091 Koblenz-Bamberg"]
[Site "?"]
[Date "1991.??.??"]
[Round "?.4"]
[White "Doncevic, D."]
[Black "Schoeneberg, M."]
[Result "1-0"]
[WhiteElo "2345"]
[BlackElo "2310"]
[PlyCount "67"]
[EventDate "1991.??.??"]

1. e4 c5 2. Nf3 e6 3. d4 cxd4 4. Nxd4 Nf6 5. Nc3 d6 6. Be2 Be7 7. O-O O-O 8. f4
Nc6 9. Be3 Bd7 10. Nb3 a6 11. a4 b6 12. Bf3 Qc7 13. Kh1 Rad8 14. g4 Bc8 15. g5
Nd7 16. Bg2 Bb7 17. Qh5 g6 18. Qh3 Nb4 19. f5 exf5 20. exf5 Nxc2 21. f6 Rfe8
22. fxe7 Rxe7 23. Bd4 Bxg2+ 24. Kxg2 Qc4 25. Rf4 Ne5 26. Ne4 Qe2+ 27. Kh1 h5
28. Nf6+ Kf8 29. Rf2 Qc4 30. Rc1 Nd3 31. Rfxc2 Qxb3 32. Rc3 Qxb2 33. Qxd3 Qe2
34. Rc8 1-0

[Event "BL 9091 Koblenz-Bamberg"]
[Site "?"]
[Date "1991.??.??"]
[Round "?.5"]
[White "Bezold, M."]
[Black "Seul, G."]
[Result "1-0"]
[WhiteElo "2330"]
[BlackElo "2340"]
[PlyCount "77"]
[EventDate "1991.??.??"]

1. g3 e5 2. Bg2 d6 3. c4 g6 4. Nc3 Bg7 5. d3 f5 6. Nf3 Nf6 7. O-O O-O 8. Rb1 a5
9. a3 h6 10. b4 axb4 11. axb4 g5 12. c5 Qe8 13. cxd6 cxd6 14. Nd2 Nbd7 15. Qb3+
Kh8 16. Nb5 Qe7 17. Nc4 d5 18. Ncd6 Nb6 19. Nxc8 Raxc8 20. Bb2 Qd7 21. Na3 d4
22. Rbc1 Nfd5 23. Rc5 Rfd8 24. Rfc1 Rc6 25. Nc4 Rxc5 26. bxc5 Nxc4 27. Qxc4 Nf6
28. Ra1 e4 29. Rd1 e3 30. fxe3 dxe3 31. Rb1 f4 32. Bxf6 Bxf6 33. Rxb7 Qe8 34.
c6 Ra8 35. Be4 Bg7 36. Qf7 Qe5 37. Qg6 Kg8 38. Kg2 Ra2 39. Qf7+ 1-0

[Event "BL 9091 Koblenz-Bamberg"]
[Site "?"]
[Date "1991.??.??"]
[Round "?.7"]
[White "Csulits, A."]
[Black "Bayer, E."]
[Result "1-0"]
[WhiteElo "2320"]
[BlackElo "2330"]
[PlyCount "55"]
[EventDate "1991.??.??"]

1. d4 d5 2. Nf3 Nf6 3. g3 e6 4. Bg2 Be7 5. O-O O-O 6. c4 dxc4 7. Ne5 c5 8. dxc5
Qc7 9. Nxc4 Bxc5 10. Nc3 Rd8 11. Qb3 Nc6 12. Be3 Bxe3 13. Nxe3 Na5 14. Qa3 Bd7
15. Rac1 Bc6 16. Ne4 Nxe4 17. Bxe4 Qe5 18. Bd3 f5 19. Rc5 Qc7 20. Rxa5 b6 21.
Ra6 f4 22. Ng2 fxg3 23. hxg3 Rd4 24. Qc3 Qd7 25. f3 Rc8 26. Qd2 e5 27. Qg5 Rf8
28. Qxe5 1-0